Artists / Singers by their Songs #12 - Statistics

General Stats
  • This quiz has been taken 203 times
  • The average score is 5 of 10
Answer Stats
Hint Answer % Correct
As It Was / Sign of the Times / Watermelon Sugar / Matilda Harry Styles
87%
Somebody That I Used to Know / I Feel Better / Eyes Wide Open / Save Me Gotye
76%
Like a Rolling Stone / Blowin' in the Wind / Tangled Up in Blue / The Times They Are a-Changin' Bob Dylan
60%
Your Song / Burn / Love Me Like You Do / Anything Could Happen Ellie Goulding
59%
Rude / Let Your Hair Down / Don't Kill the Magic / Lay You Down Easy Magic!
55%
Rockabye / 2002 / Friends / Ciao Adios Anne-Marie
39%
You're So Vain / Why / That's The Way I've Always Heard It Should Be / Coming Around Again Carly Simon
39%
Scars to Your Beautiful / Stay / 1-800-273-8255 / Here Alessia Cara
37%
Bad Day / Free Loop (One Night Stand) / Love You Lately / Next Plane Home Daniel Powter
32%
Powderfinger / Ambulance Blues / Heart of Gold / Down by the River Neil Young
22%
No matching quizzes found
Score Distribution
Percent of People with Each Score
Percentile by Number Answered
Your Score History
You have not taken this quiz